000
00384nam a2200133Ia 4500
008
100328s9999 xx 000 0 und d
082
_b
30495
100
_a
पाटील दिनकर द
245
_a
दसरा उजाडला
260
_b
जयहिंद
630
_a
दसरा उजाडला
730
_a
दसरा उजाडला
942
_c
BOOK
999
_c
521465
_d
521462